000 00406nam a2200145Ia 4500
008 240729s9999 xx 000 0 und d
022 _a2277-8357
245 0 _aJournal of Clinical and Scientific Research
260 _aIndia
260 _bWolters Kluwer Medknow Publications
650 _aMedicine
856 _uhttps://doaj.org/toc/53bf3706e40f4e15be9cbf5ec85c3374
942 _2ddc
942 _cDOAJEJ
999 _c70759
_d70759
945 _a1
_bMadushi Gamage
_c1
_dMadushi Gamage